| Tag |
First Indicator |
Second Indicator |
Subfields |
| LEADER |
00000cam a2200000 a 4500 |
| 001 |
in00000061118 |
| 005 |
20151008051626.0 |
| 008 |
751006s1959 cau b 00100 eng d |
| 010 |
|
|
|a 59005145
|
| 035 |
|
|
|a (OCoLC)01678373
|
| 035 |
|
|
|9 AAG9042AM
|
| 040 |
|
|
|a DZM
|c DZM
|d TXA
|d UtOrBLW
|
| 049 |
|
|
|a TXAS [mil]
|
| 050 |
|
0 |
|a JX4511
|b .G67
|
| 082 |
0 |
|
|a 341.3
|
| 090 |
|
|
|a JX4511
|b .G67 1959
|
| 092 |
|
|
|a 341.3
|b G815m
|
| 100 |
1 |
|
|a Greenspan, Morris.
|
| 245 |
1 |
4 |
|a The modern law of land warfare /
|c Morris Greenspan.
|
| 264 |
|
1 |
|a Berkeley :
|b University of California Press,
|c 1959.
|
| 300 |
|
|
|a xxiv, 724 pages ;
|c 24 cm.
|
| 336 |
|
|
|a text
|b txt
|2 rdacontent
|
| 337 |
|
|
|a unmediated
|b n
|2 rdamedia
|
| 338 |
|
|
|a volume
|b nc
|2 rdacarrier
|
| 504 |
|
|
|a Bibliography: pages [684]-695.
|
| 500 |
|
|
|a Includes index.
|
| 650 |
|
0 |
|a War (International law)
|
| 999 |
|
|
|a MARS
|
| 999 |
f |
f |
|s 4d5087c3-82ca-3651-b296-22e2b51aefad
|i b4413500-752b-3d0a-be37-4bb04621446c
|t 0
|
| 952 |
f |
f |
|p noncirc
|a Texas A&M University
|b College Station
|c Cushing Memorial Library & Archives
|d Cushing: Ragan Military (Does not check out)
|t 0
|e JX4511 .G67 1959
|h Library of Congress classification
|i unmediated -- volume
|
| 998 |
f |
f |
|a JX4511 .G67 1959
|t 0
|l Cushing: Ragan Military (Does not check out)
|